| 000 -LEADER |
| fixed length control field |
00586cam a2200193Ia 4500 |
| 020 ## - INTERNATIONAL STANDARD BOOK NUMBER |
| ISBN |
1555426905 |
| 040 ## - CATALOGING SOURCE |
| Transcribing agency |
YSY |
| 082 ## - DEWEY DECIMAL CLASSIFICATION NUMBER |
| Classification number |
378 JOS 1993 A068 Or. |
| 245 00 - TITLE STATEMENT |
| Title |
Important lessons from innovative colleges and universities / |
| 246 18 - VARYING FORM OF TITLE |
| Title proper/short title |
Innovative colleges and universities |
| 260 ## - PUBLICATION, DISTRIBUTION, ETC. (IMPRINT) |
| Place of publication |
San Francisco : |
| Name of publisher |
Jossey-Bass, |
| Year of publication |
c1993 |
| 300 ## - PHYSICAL DESCRIPTION |
| Number of Pages |
112 p. ; |
| Dimensions |
23 cm |
| 490 1# - SERIES STATEMENT |
| Series statement |
The Jossey-Bass higher and adult education series |
| 500 ## - GENERAL NOTE |
| General note |
"Summer 1993." |
| 650 #0 - SUBJECT ADDED ENTRY--TOPICAL TERM |
| Topical Term |
Universities and colleges |
| 650 #0 - SUBJECT ADDED ENTRY--TOPICAL TERM |
| Topical Term |
Educational innovations |
| 700 1# - ADDED ENTRY--PERSONAL NAME |
| Personal name |
Cardozier, V. R |
| 942 ## - ADDED ENTRY ELEMENTS (KOHA) |
| Koha item type |
សៀវភៅភាសាអង់គ្លេស |
| 952 ## - LOCATION AND ITEM INFORMATION (KOHA) |
| Withdrawn status [LOCAL, KOHA] |
0 |